Final de Eurovisión 2024 - Estadísticas

Estadísticas generales
  • Esta prueba ha sido intentada 417 veces
  • La puntuación promedio es 22 de 25
Estadísticas de respuestas
Hint Respuesta % Correcto
22 España
99%
1 Suiza
99%
4 Francia
97%
7 Italia
97%
9 Suecia
96%
18 Reino Unido
95%
12 Alemania
94%
3 Ucrania
94%
5 Israel
93%
10 Portugal
93%
2 Croacia
92%
6 Irlanda
92%
25 Noruega
92%
19 Finlandia
91%
20 Estonia
90%
24 Austria
89%
11 Grecia
89%
14 Lituania
89%
16 Letonia
88%
13 Luxemburgo
81%
17 Serbia
81%
15 Chipre
80%
8 Armenia
78%
23 Eslovenia
77%
21 Georgia
73%
No se encontraron pruebas coincidentes
Distribución de puntuación
Porcentaje de gente con cada puntuación
Porcentaje por número respondido
Historial de tus puntuaciones
No has intentado esta prueba.